| 000 | 00450cam a2200193ua 4500 | ||
|---|---|---|---|
| 020 | _c15.0 | ||
| 041 |
_ahin _h |
||
| 082 |
_a891.54 _bJAT/BH |
||
| 100 | _aJatha, J B . | ||
| 245 |
_aBharathiya arthshastr / _cJ B Jathar. _hTextual Documents |
||
| 250 |
_a4 / _b. |
||
| 260 |
_aDelhi : _bRajkamal Prakash , _c1962. |
||
| 300 | _a562 ; . | ||
| 365 | _a15.0 | ||
| 504 | _a | ||
| 700 | 1 | _aBeri, S B . | |
| 942 | _cBK | ||
| 999 |
_c7989 _d7989 |
||